000
00255nam a22001097a 4500
005
20230609113428.0
008
230609b |||||||| |||| 00| 0 eng d
022
_a
9770972687004
245
_a
ORGANIZATIONAL BEHAVIOR
260
_b
IUP PUBLISHER
942
_c
JRL
999
_c
8320
_d
8318